Регионална библиотека "Любен Каравелов" - Русе

Структурална антропология II (Запис номер 6537)

MARC детайли
000 -Лидер
Контролно поле с фиксирана дължина 01637nam a2200385 c 4500
003 - Код на организацията, давaща контролен номер
Контролно поле BLK
005 - Дата и час на последна редакция
Контролно поле 20180420214116.0
008 - Елементи от данни с фиксирана дължина
fixed length control field 180412b bul|||||r ||||||| ||bul||
010 ## - Наследен системен номер
LC control number KNG00007782000
020 ## - Международен стандартен номер на книга ISBN
Международен стандартен номер на книга ISBN 954-445-325-3
-- издат.: Христо Ботев
040 ## - Източник на каталожния запис
Идентификатор на билиотеката - собственик на записа BLK
041 ## - Код за език
Код за езика на текст/звукозапис или на отделно заглавие Български
Код за езика КДБФ Български
080 ## - УДК
Текстов определител УДК Етнология. Етнография. Нрави. Обичаи. Бит. Фолклористика. Вж и 572 ; 903 ; 904
УДК код - определител по УДК 39
УДК определител .001
УДК - код + определител 39.001
100 1# - Редна дума - Автор
Автор Леви-Строс, Клод
Авторска отговорност първи автор
R(LIN) 249621
139 ## - Редно поле
Редна дума Леви-Строс, Клод
Авторски знак Лев - Л 35
245 10 - Сведения за заглавието
Заглавие Структурална антропология II
Редно поле (дума) Клод Леви-Строс; прев. от фр. Недка Неделчева Капралова.
257 ## - Страна на издаване
Страна на създаване/издаване Франция
260 ## - Област на издателските данни
-- София
Име на издателя, разпространителя и проч. Христо Ботев
Година на издаване 1995
300 ## - Физическа характеристика
Страници 512 с.
Размери/Мащаб 20 см
380 ## - Жанр
Жанр Обществени науки
490 1# - СЕРИИ (Колекции)
Име на серия Митология и културантропология
500 ## - Общи забележки
Забележка Ориг. загл. Anthropologie structurale deux / Claude Levi-Strauss. - 5 000 тир.
650 #4 - Допълнително описание по предмет – тема
Основно описание – тема или топоним Етнология - философия и методология
9 (RLIN) 251575
650 #4 - Допълнително описание по предмет – тема
Основно описание – тема или топоним Антропология
9 (RLIN) 147249
650 #4 - Допълнително описание по предмет – тема
Основно описание – тема или топоним Структурализъм
9 (RLIN) 172682
653 ## - Ключова дума – ненормативна
Ключова дума антропология
653 ## - Ключова дума – ненормативна
Ключова дума митология
653 ## - Ключова дума – ненормативна
Ключова дума етнология
700 1# - Други автори (авторска отговорност)
Лично име Капралова, Недка Неделчева
Автороска отговорност (Описва отношението между автора и произведението) прев. от фр.
9 (RLIN) 251574
852 ## - Местоположение
Форматна сигнатура Цб 183281
856 4# - Електронен адрес и достъп
Електронен формат pdf - файл
Път до файла /url/
856 4# - Електронен адрес и достъп
Електронен формат pdf - файл
Път до файла /url/
942 ## - АРТИКУЛИ
Вид на библиотечния материал Книги
Скрит в OPAC Не
944 ## - СЪЗДАВАНЕ И РЕДАКЦИЯ на ЗАПИСА
Създаване/Редакция Създаване
Дата на регистрацията/редакция 15.01.2003
Статус, дата на статуса ф /
Служител, извършил регистрацията/редакцията Кети_Илиева
944 ## - СЪЗДАВАНЕ И РЕДАКЦИЯ на ЗАПИСА
Създаване/Редакция Редакция
Дата на регистрацията/редакция 10.11.2016
Статус, дата на статуса ф /
Служител, извършил регистрацията/редакцията Людмила_Стоянова
999 ## - СИСТЕМНИ КОНТРОЛНИ НОМЕРА
Koha biblionumber 6537
Koha biblioitemnumber 6537
Наличности
Код за отписване Код за изгубен артикул Източник на класификационната схема Код за повреда Коз за рестрикции Код за отдаване Артикулен № Име на библиотеката - собственик Име на библиотеката, в която се намира в момента Статус (Текущо местоположение) Дата на вписване в системата Местоположение - отдел Цена в лева Инвентарен номер Систематично азбучна сигнатура Баркод Номер на екземпляра Цена в евро Служебна бележка Служебен тип на артикула
Изтеглен Не е изгубен Universal Decimal Classification Не е повреден без рестрикции заемане за дома 11374 Регионална библиотека "Любен Каравелов" Русе Регионална библиотека "Любен Каравелов" Русе Заемна - подръчен фонд 2001-01-01 Заемна - подръчен фонд 220.00 612638 П 39/Л 35 612638 1 112.48 Дост: Pk Вид: Ф N: стар фонд Дата: 01.01.2001 Дата инв: 08.02.2018 Бележки инв: П2018 Книги
  Не е изгубен Universal Decimal Classification Не е повреден без рестрикции ползва се в читалня 11375 Регионална библиотека "Любен Каравелов" Русе Регионална библиотека "Любен Каравелов" Русе Читалня 2001-01-01 Читалня 1.98 612639 Ч 39/Л 35 120000612639 2 1.01 Дост: Pk Вид: Ф N: стар фонд Дата: 01.01.2001 Дата инв: 15.03.2017 Бележки инв: Ч2017 Книги
  Не е изгубен Universal Decimal Classification Не е повреден без рестрикции ползва се в читалня 11376 Регионална библиотека "Любен Каравелов" Русе Регионална библиотека "Любен Каравелов" Русе Хранилище 2001-01-01 Хранилище 1.98 613978 Цб 183281 120000613978 3 1.01 Дост: Dp Вид: Д N: стар фонд Дата: 01.01.2001 Дата инв: 02.10.2014 Бележки инв: Цб2014 Книги
  Не е изгубен   Не е повреден без рестрикции заемане за дома 11377 Регионална библиотека "Любен Каравелов" Русе Регионална библиотека "Любен Каравелов" Русе Заемна - подръчен фонд 2016-10-25 Заемна - подръчен фонд 18.00 120000805274 П 39/Л 35 120000805274 4 9.20 Дост: DA Вид: А N: 37 Дата: 25.10.2016 Дата инв: 08.02.2018 Бележки инв: П2018 Книги
Vip Innovations Ltd, Rousse, Bulgaria 2025